000 00767nam a2200241Ia 4500
003 OSt
005 20220926022850.0
006 a|||||r|||| 00| 0
007 ta
008 220923b |||||||| |||| 00| 0 eng d
037 _cGeneral Book
040 _aRTL
_cRTL
_beng
041 _2eng
_aeng
082 _aU:(G:55).73.N9, N1
100 _aMathews Jessica Tuchman Ed.
_9328376
245 0 _aPreserving the global environment
_b The challenge o
260 _aNew York
_bW W Norton U S A
_c1991
300 _a362p.
_ccm.
490 _aAmerican Assembly Publication. World Resources Institute
650 _aGeography- Environment
_9229896
942 _hU:(G:55).73.N9, N1
_cGB
_2CC
999 _c640486
_d640486